01193nam a2200301Ic 450000100060000000300100000600500170001600700030003300800410003602000180007704000350009504100080013008200130013810000450015124501100019625000220030626400410032830000680036933600270043733700330046433800280049750000160052550501950054165000380073665000280077465000480080270000410085058873CO-BoRNBP20250828200110.0ta180109s9999 xx 000 0 und d a9789972209925 aCO-BoRNBPbspaerdacCO-BoRNBP aspa0 a986 P17h aParra Rodríguez, María Cristinaeaut10aHistoria de Colombia para niños /cMaria Cristina Parra Rodriguez ; ilustraciones de Ricardo Ramírez. aPrimera edición 1aChina :bEdiciones Lexus;2015,c2015 a200 páginas :bilustraciones, fotografías en color +e1 DVD atextobtxt2rdacontent asin mediaciónbn2rdamedia avolumenbnc2rdacarrier aIncluye DVD0 a1. La prehistoria 2. Descubrimiento y conquista española 3. La Colonia 4. La independencia 5. La República 6. La primera mitad del siglo XX 7. Del frente nacional a nuestros días07aHistoria Colombia - Niños2lemb04aNovela colombiana2LEMB07aHistoria Infantil Colombia - Siglo XX2lemb1 aRamírez, Ricardo, ilustrador.eill